Cohort Intelligence: A Socio-inspired Optimization Method (Запис № 451219)

МАРК-запис
000 -LEADER
fixed length control field 03994nam a22005895i 4500
001 - CONTROL NUMBER
control field 978-3-319-44254-9
003 - CONTROL NUMBER IDENTIFIER
control field DE-He213
005 - DATE AND TIME OF LATEST TRANSACTION
control field 20210118143635.0
007 - PHYSICAL DESCRIPTION FIXED FIELD--GENERAL INFORMATION
fixed length control field cr nn 008mamaa
008 - FIXED-LENGTH DATA ELEMENTS--GENERAL INFORMATION
fixed length control field 160922s2017 gw | s |||| 0|eng d
020 ## - INTERNATIONAL STANDARD BOOK NUMBER
International Standard Book Number 9783319442549
-- 978-3-319-44254-9
024 7# - OTHER STANDARD IDENTIFIER
Standard number or code 10.1007/978-3-319-44254-9
Source of number or code doi
050 #4 - LIBRARY OF CONGRESS CALL NUMBER
Classification number Q342
072 #7 - SUBJECT CATEGORY CODE
Subject category code UYQ
Source bicssc
072 #7 - SUBJECT CATEGORY CODE
Subject category code TEC009000
Source bisacsh
072 #7 - SUBJECT CATEGORY CODE
Subject category code UYQ
Source thema
082 04 - DEWEY DECIMAL CLASSIFICATION NUMBER
Classification number 006.3
Edition number 23
100 1# - MAIN ENTRY--PERSONAL NAME
Personal name Kulkarni, Anand Jayant.
Relator term author.
Relator code aut
-- http://id.loc.gov/vocabulary/relators/aut
245 10 - TITLE STATEMENT
Title Cohort Intelligence: A Socio-inspired Optimization Method
Medium [electronic resource] /
Statement of responsibility, etc by Anand Jayant Kulkarni, Ganesh Krishnasamy, Ajith Abraham.
250 ## - EDITION STATEMENT
Edition statement 1st ed. 2017.
264 #1 -
-- Cham :
-- Springer International Publishing :
-- Imprint: Springer,
-- 2017.
300 ## - PHYSICAL DESCRIPTION
Extent XI, 134 p. 29 illus.
Other physical details online resource.
336 ## -
-- text
-- txt
-- rdacontent
337 ## -
-- computer
-- c
-- rdamedia
338 ## -
-- online resource
-- cr
-- rdacarrier
347 ## -
-- text file
-- PDF
-- rda
490 1# - SERIES STATEMENT
Series statement Intelligent Systems Reference Library,
Міжнародний стандартний серійний номер для назви серії (ISSN) 1868-4394 ;
Том/ позначення послідовності 114
505 0# - FORMATTED CONTENTS NOTE
Formatted contents note Introduction To Optimization -- Socio-Inspired Optimization Using Cohort Intelligence -- Cohort Intelligence For Constrained Test Problems -- Modified Cohort Intelligence For Solving Machine Learning Problems -- Solution To 0-1 Knapsack Problem Using Cohort Intelligence Algorithm -- Cohort Intelligence For Solving Travelling Salesman Problems -- Solution To A New Variant Of The Assignment Problem Using Cohort Intelligence Algorithm -- Solution To Sea Cargo Mix (Scm) Problem Using Cohort Intelligence Algorithm -- Solution To The Selection Of Cross-Border Shippers (Scbs) Problem -- Conclusions And Future Directions.
520 ## - SUMMARY, ETC.
Summary, etc This Volume discusses the underlying principles and analysis of the different concepts associated with an emerging socio-inspired optimization tool referred to as Cohort Intelligence (CI). CI algorithms have been coded in Matlab and are freely available from the link provided inside the book. The book demonstrates the ability of CI methodology for solving combinatorial problems such as Traveling Salesman Problem and Knapsack Problem in addition to real world applications from the healthcare, inventory, supply chain optimization and Cross-Border transportation. The inherent ability of handling constraints based on probability distribution is also revealed and proved using these problems. .
506 ## - RESTRICTIONS ON ACCESS NOTE
Terms governing access Available to subscribing member institutions only. Доступно лише організаціям членам підписки.
506 ## - RESTRICTIONS ON ACCESS NOTE
Standardized terminology for access restriction Online access from local network of NaUOA.
506 ## - RESTRICTIONS ON ACCESS NOTE
Standardized terminology for access restriction Online access with authorization at https://link.springer.com/
506 ## - RESTRICTIONS ON ACCESS NOTE
Standardized terminology for access restriction Онлайн-доступ з локальної мережі НаУОА.
506 ## - RESTRICTIONS ON ACCESS NOTE
Standardized terminology for access restriction Онлайн доступ з авторизацією на https://link.springer.com/
650 #0 - SUBJECT ADDED ENTRY--TOPICAL TERM
Topical term or geographic name as entry element Computational intelligence.
650 #0 - SUBJECT ADDED ENTRY--TOPICAL TERM
Topical term or geographic name as entry element Artificial intelligence.
650 14 - SUBJECT ADDED ENTRY--TOPICAL TERM
Topical term or geographic name as entry element Computational Intelligence.
-- http://scigraph.springernature.com/things/product-market-codes/T11014
650 24 - SUBJECT ADDED ENTRY--TOPICAL TERM
Topical term or geographic name as entry element Artificial Intelligence.
-- http://scigraph.springernature.com/things/product-market-codes/I21000
700 1# - ADDED ENTRY--PERSONAL NAME
Personal name Krishnasamy, Ganesh.
Relator term author.
Relator code aut
-- http://id.loc.gov/vocabulary/relators/aut
700 1# - ADDED ENTRY--PERSONAL NAME
Personal name Abraham, Ajith.
Relator term author.
Relator code aut
-- http://id.loc.gov/vocabulary/relators/aut
710 2# - ADDED ENTRY--CORPORATE NAME
Corporate name or jurisdiction name as entry element SpringerLink (Online service)
773 0# - HOST ITEM ENTRY
Title Springer eBooks
776 08 - ADDITIONAL PHYSICAL FORM ENTRY
Display text Printed edition:
International Standard Book Number 9783319442532
776 08 - ADDITIONAL PHYSICAL FORM ENTRY
Display text Printed edition:
International Standard Book Number 9783319442556
776 08 - ADDITIONAL PHYSICAL FORM ENTRY
Display text Printed edition:
International Standard Book Number 9783319830223
830 #0 - SERIES ADDED ENTRY--UNIFORM TITLE
Uniform title Intelligent Systems Reference Library,
-- 1868-4394 ;
Volume number/sequential designation 114
856 40 - ELECTRONIC LOCATION AND ACCESS
Uniform Resource Identifier <a href="https://doi.org/10.1007/978-3-319-44254-9">https://doi.org/10.1007/978-3-319-44254-9</a>
912 ## -
-- ZDB-2-ENG
942 ## - ADDED ENTRY ELEMENTS (KOHA)
Koha item type ЕКнига

Немає доступних примірників.